[Event "Titled Tuesday intern op 16th Nov"]
[Site "Chess.com INT"]
[Date "2021.11.16"]
[Round "4"]
[White "Atakishiyev, Elmar"]
[Black "Poliannikov, Danila"]
[Result "1-0"]
[WhiteElo "2223"]
[BlackElo "2268"]
[PlyCount "93"]
[EventDate "2021.11.16"]
[EventType "swiss (blitz)"]
[EventRounds "11"]
[EventCountry "USA"]
[SourceTitle "CBM 205 Extra"]
[Source "ChessBase"]
[SourceDate "2022.01.31"]
[SourceVersion "1"]
[SourceVersionDate "2022.01.31"]
[SourceQuality "1"]

1. e4 e5 2. Nf3 Nc6 3. Bc4 Bc5 4. c3 Nf6 5. b4 Bb6 6. d3 0-0 7. a4 a6 8. 0-0 d6 9. Nbd2 Ne7 10. Bb3 Ng6 11. Nc4 Ba7 12. Be3 Qe7 13. Bxa7 Rxa7 14. Ne3 c6 15. Re1 Be6 16. a5 Raa8 17. g3 Rad8 18. Nf5 Qd7 19. N3h4 Nxh4 20. Nxh4 Rfe8 21. Bxe6 Rxe6 22. Qf3 g6 23. Ng2 Kg7 24. Ne3 d5 25. Rad1 Ree8 26. Kg2 Qe6 27. h3 d4 28. cxd4 Rxd4 29. Nc4 Red8 30. Kh2 Ne8 31. Qe3 f6 32. f4 Nd6 33. Nd2 Nb5 34. fxe5 fxe5 35. Nf3 Rxb4 36. Ng5 Rb2+ 37. Kh1 Qa2 38. Nf3 Rf8 39. Rf1 Rg2 40. Nh4 Rh2+ 41. Kg1 Re2 42. Qg5 Qe6 43. Nf5+ Kh8 44. Nh6 Rf7 45. Nxf7+ Kg7 46. Qh6+ Kg8 47. Ng5 1-0

[Event "Titled Tuesday intern op 16th Nov"]
[Site "Chess.com INT"]
[Date "2021.11.16"]
[Round "9"]
[White "Poliannikov, Danila"]
[Black "Myradow, Soltan"]
[Result "1-0"]
[WhiteElo "2268"]
[BlackElo "2233"]
[PlyCount "107"]
[EventDate "2021.11.16"]
[EventType "swiss (blitz)"]
[EventRounds "11"]
[EventCountry "USA"]
[SourceTitle "CBM 205 Extra"]
[Source "ChessBase"]
[SourceDate "2022.01.31"]
[SourceVersion "1"]
[SourceVersionDate "2022.01.31"]
[SourceQuality "1"]

1. Nf3 Nf6 2. c4 c5 3. b3 Nc6 4. Bb2 e6 5. g3 d5 6. Bg2 Be7 7. 0-0 0-0 8. cxd5 Nxd5 9. Nc3 Bf6 10. Rc1 b6 11. e3 Bb7 12. Qe2 Ndb4 13. Rb1 Ba6 14. Nb5 Bxb2 15. Rxb2 Nd3 16. a4 Nxb2 17. d4 cxd4 18. exd4 Bxb5 19. axb5 Nxd4 20. Qxb2 Nxf3+ 21. Bxf3 Rc8 22. Rd1 Qe7 23. Bc6 Rfd8 24. Ra1 Rc7 25. Qe5 Qd6 26. Qe2 h6 27. Kg2 a6 28. Rxa6 Qc5 29. Ra4 Qc3 30. Rg4 Rcc8 31. Qe4 Kh8 32. Qf4 Qf6 33. Qe3 Rd6 34. Qxb6 Rcd8 35. Rc4 Rd2 36. Qe3 Rb2 37. Rc3 Rdd2 38. Bf3 Qe7 39. Rd3 Rxd3 40. Qxd3 Qc5 41. Qe4 Qb6 42. Qa8+ Kh7 43. Qe4+ g6 44. Be2 Rxb3 45. Qf3 Kg8 46. Qxb3 Qc5 47. Qf3 Qb6 48. Qc6 Qd4 49. b6 Qd2 50. Bf3 Qe1 51. b7 h5 52. b8Q+ Kg7 53. Qcc8 h4 54. Qh8# 1-0

[Event "Titled Tuesday intern op 16th Nov"]
[Site "Chess.com INT"]
[Date "2021.11.16"]
[Round "3"]
[White "Steenbekkers, Franck"]
[Black "Poliannikov, Danila"]
[Result "0-1"]
[WhiteElo "2164"]
[BlackElo "2268"]
[PlyCount "64"]
[EventDate "2021.11.16"]
[EventType "swiss (blitz)"]
[EventRounds "11"]
[EventCountry "USA"]
[SourceTitle "CBM 205 Extra"]
[Source "ChessBase"]
[SourceDate "2022.01.31"]
[SourceVersion "1"]
[SourceVersionDate "2022.01.31"]
[SourceQuality "1"]

1. e4 Nc6 2. Nf3 d6 3. d4 Nf6 4. Nc3 Bg4 5. Be3 g6 6. d5 Bxf3 7. gxf3 Nb8 8. h4 Bg7 9. Qd2 Nbd7 10. 0-0-0 c6 11. Bh6 Bxh6 12. Qxh6 Qa5 13. Kb1 0-0-0 14. dxc6 bxc6 15. Bc4 Ne5 16. Be2 c5 17. f4 Neg4 18. Bxg4+ Nxg4 19. Qg5 Nxf2 20. Qxe7 Nxh1 21. Rxh1 Qc7 22. Qf6 Rhe8 23. Nd5 Qd7 24. Re1 Re6 25. Qc3 f5 26. exf5 Rxe1+ 27. Qxe1 Re8 28. Qa5 gxf5 29. Nf6 Qb5 30. Qd2 Qe2 31. Kc1 Qf1+ 32. Qd1 Re1 0-1